LEADER 00864nam a2200217 i 4500 001 991002393169707536 008 070430s2004 it b 000 ita 035 $ab13520428-39ule_inst 040 $aDip.to Beni Arti e Storia$bita 100 1 $aRomiti, Antonio.$0326638 245 10$aArchivistica tecnica :$bprimi elementi : gli elenchi, le guide e gli inventari archivistici /$cAntonio Romiti. 260 $aTorre del Lago, Lucca :$bCivita,$c2004. 300 $a166 p. ;$c24 cm. 504 $aBibliografia: p. 165-166. 650 04$aArchivistica$vManuali. 907 $a.b13520428$b28-01-14$c30-04-07 912 $a991002393169707536 945 $aLE019 A9 ARC A 27$g1$i2019000046954$lle019$o-$pE13.00$q-$rl$s- $t0$u1$v0$w1$x0$y.i14437120$z30-04-07 996 $aArchivistica tecnica$91059754 997 $aUNISALENTO 998 $ale019$b30-04-07$cm$da $e-$fita$git $h0$i0